| 000 | 01976cam a22002174a 4500 | ||
|---|---|---|---|
| 005 | 20250605164105.0 | ||
| 008 | 250528s ||||||||||||||||||||||||d | ||
| 035 | _a17720 | ||
| 020 | _a9789604615827 | ||
| 040 |
_aGR-AtMCL _bgre _dGR-AtMCL _eAACR2 |
||
| 245 | 1 | _aΣχεδιασμός Δομικών Έργων από Χάλυβα με Παραδείγματα Εφαρμογής | |
| 260 |
_bΚλειδάριθμος, _c2013 |
||
| 300 | _a984 | ||
| 520 | _aΤο βιβλίο καλύπτει θέματα μόρφωσης, ανάλυσης, διαστασιολόγησης και εκτέλεσης δομικών έργων από χάλυβα και περιέχει μια σειρά παραδειγμάτων εφαρμογής. Πρόλογος, Διαστασιολόγηση, Βασικές αρχές σχεδιασμού, Ανάλυση Φορέων, Οριακές Καταστάσεις Αστοχίας, Οριακές Καταστάσεις Λειτουργικότητας, Συνδέσεις, Μονώροφα Κτίρια με Σκελετό από Χάλυβα, Εισαγωγή στα Μονώροφα Κτίρια, Οι Κύριοι Φορείς, Οι Σύνδεσμοι Δυσκαμψίας, Δομικά Στοιχεία για τη Συμπλήρωση του Κελύφους του Κτιρίου, Θεμελίωση, Ανέργεση, Πολυώροφα Μεταλλικά Κτίρια, Εισαγωγή στα Πολυώροφα Μεταλλικά Κτίρια, Μόρφωση του Φορέα, Ανάλυση του Φορέα, Βιομηχανική Κατεργασία και Ανέργεση και Ποιοτικός Έλεγχος, Παραδείγματα Εφαρμογής, Παραρτήματα. | ||
| 700 | 1 |
_aΒάγιας Ιωάννης Κ _93908 |
|
| 700 | 1 |
_aΕρμόπουλος Ιωάννης Χ _93909 |
|
| 700 | 1 |
_aΙωαννίδης Γεώργιος Ι _93910 |
|
| 942 | _cBK | ||
| 999 |
_c3121 _d3121 |
||